ANATOMY & PHYSIOLOGY FOR NURSES AND ALLIED HEALTH SCIENCE (Record no. 20153)

MARC details
000 -LEADER
fixed length control field 00369nam a22001577a 4500
003 - CONTROL NUMBER IDENTIFIER
control field SGT
020 ## - INTERNATIONAL STANDARD BOOK NUMBER
International Standard Book Number 978-93-80316-16-1
082 ## - DEWEY DECIMAL CLASSIFICATION NUMBER
Classification number 611
Item number A14S
100 ## - MAIN ENTRY--PERSONAL NAME
Personal name SINGH, DR
245 ## - TITLE STATEMENT
Title ANATOMY & PHYSIOLOGY FOR NURSES AND ALLIED HEALTH SCIENCE
250 ## - EDITION STATEMENT
Edition statement 1ST
260 ## - PUBLICATION, DISTRIBUTION, ETC. (IMPRINT)
Place of publication, distribution, etc INDIA
Name of publisher, distributor, etc AUJA PUB
Year of Publication 2014
300 ## - PAGE DESCRIPTION
No. of Pages 357
650 ## - SUBJECT ADDED ENTRY--TOPICAL TERM
Topical term or geographic name as entry element HUMAN ANATOMY
942 ## - ADDED ENTRY ELEMENTS (KOHA)
Source of classification or shelving scheme Dewey Decimal Classification
Koha item type Books
942 ## - ADDED ENTRY ELEMENTS (KOHA)
-- 10
Holdings
Withdrawn status Lost status Source of classification or shelving scheme Damaged status Not for loan Collection code Home library Current library Shelving location Date acquired Vendor Name SGTU Total Checkouts Full call number Accession No. (Barcode) Date last seen Date last borrowed Bill Date Koha item type
    Dewey Decimal Classification     NURSING SGT Medical Library SGT Medical Library Text Book 04/06/2020 COMP SGTU 11 611 A14S FN4090 04/08/2025 25/06/2025 04/06/2020 Books
    Dewey Decimal Classification   Not For Loan NURSING SGT Medical Library SGT Medical Library Text Book 04/06/2020 COMP SGTU   611 A14S FN4091 04/06/2020   04/06/2020 Books